[Event "TUR Cup"]
[Site "Antalya"]
[Date "2017.01.29"]
[Round "3"]
[White "Uysal, Burak"]
[Black "Esen, Baris"]
[Result "0-1"]
[WhiteElo "1991"]
[BlackElo "2528"]
[PlyCount "68"]
[EventDate "2017.01.28"]
[EventType "swiss"]
[EventRounds "11"]
[EventCountry "TUR"]
[SourceTitle "CBM 176 Extra"]
[Source "ChessBase"]
[SourceDate "2017.03.02"]
[SourceVersion "1"]
[SourceVersionDate "2017.03.02"]
[SourceQuality "1"]

1. e4 d5 2. exd5 Qxd5 3. Nc3 Qd6 4. d4 Nf6 5. Nf3 g6 6. Nb5 Qd8 7. c3 c6 8. Na3 Bg7 9. Be2 Nbd7 10. Nc4 0-0 11. 0-0 b6 12. Nfe5 Bb7 13. Bf3 Qc8 14. Re1 Nxe5 15. Nxe5 e6 16. Qb3 Nd5 17. c4 Ne7 18. c5 Nf5 19. Be3 bxc5 20. Rac1 Nxd4 21. Bxd4 cxd4 22. Nxc6 Qd7 23. Nxd4 Rab8 24. Nc6 Bxc6 25. Bxc6 Rxb3 26. Bxd7 Rxb2 27. a4 Bd4 28. Rf1 Ra2 29. Rc4 Bb6 30. Kh1 Rd8 31. Bc6 Rxf2 32. Rfc1 e5 33. g3 Rdd2 34. Rh4 f5 0-1